Prehistoric Kingdom - Animals - Statistics

General Stats
  • This quiz has been taken 78 times
    24 since last reset
  • The average score is 20 of 58
Answer Stats
Genus % Correct
Dinosaur Tyrannosaurus
94%
Dinosaur Triceratops
88%
Dinosaur Spinosaurus
71%
Dinosaur Velociraptor
71%
Dinosaur Brachiosaurus
65%
Dinosaur Ankylosaurus
53%
Dinosaur Apatosaurus
53%
Mammal Smilodon
53%
Dinosaur Brontosaurus
47%
Dinosaur Iguanodon
47%
Vivarium Titanoboa
47%
Dinosaur Carcharodontosaurus
41%
Mammal Mammuthus
41%
Mammal Paraceratherium
41%
Dinosaur Parasaurolophus
41%
Dinosaur Acrocanthosaurus
35%
Vivarium Archaeopteryx
35%
Dinosaur Argentinosaurus
35%
Vivarium Compsognathus
35%
Dinosaur Edmontosaurus
35%
Mammal Elasmotherium
35%
Dinosaur Gallimimus
35%
Vivarium Microraptor
35%
Dinosaur Protoceratops
35%
Dinosaur Styracosaurus
35%
Dinosaur Camarasaurus
29%
Dinosaur Deinocheirus
29%
Vivarium Diictodon
29%
Dinosaur Dilophosaurus
29%
Vivarium Diplocaulus
29%
Dinosaur Dryosaurus
29%
Dinosaur Lambeosaurus
29%
Mammal Megaloceros
29%
Mammal Panthera
29%
Vivarium Tiktaalik
29%
Dinosaur Torvosaurus
29%
Mammal Ursus
29%
Vivarium Yi
29%
Mammal Coelodonta
24%
Dinosaur Coelophysis
24%
Mammal Juxia
24%
Dinosaur Leaellynasaura
24%
Dinosaur Oviraptor
24%
Dinosaur Pachyrhinosaurus
24%
Dinosaur Psittacosaurus
24%
Dinosaur Scelidosaurus
24%
Vivarium Simosuchus
24%
Mammal Sinotherium
24%
Dinosaur Tarbosaurus
24%
Dinosaur Nasutoceratops
18%
Dinosaur Ouranosaurus
18%
Dinosaur Plateosaurus
18%
Vivarium Sahonachelys
18%
Dinosaur Charonosaurus
12%
Vivarium Mononykus
12%
Dinosaur Muttaburrasaurus
12%
Vivarium Peltephilus
12%
Dinosaur Ugrunaaluk
12%
No matching quizzes found
Score Distribution
Percent of People with Each Score
Percentile by Number Answered
Your Score History
You have not taken this quiz since the last reset